The 20 Best Cities In The World For Music Lovers - Statistics

General Stats
  • This quiz has been taken 85 times
  • The average score is 13 of 20
Answer Stats
Hint City % Correct
You can take in the history of the city at the centre of the swinging ’60s at Abbey Road Studios, where the likes of The Beatles and Pink Floyd recorded here. London
96%
The city where doo-wop originated, where bebop and hip hop have their roots, and disco began at clubs like Studio 54. New York
96%
David Bowie lived here in the late ‘70s along with Iggy Pop, the punk scene was centered on the SO36 club, whilst venues like Tresor and Berghain are two of the top techno clubs worldwide. Berlin
88%
The European capital of classical music. It was here that Mozart, Beethoven, Haydn, Schubert, Mahler, and Brahms spent much of their time studying and working. Vienna
87%
It's been home to great composers like Berlioz, Saint-Saens, Bizet, Ravel, Debussy, Chopin, and Offenbach, and the Palais Garnier is one of the great opera houses of the world. Paris
83%
Explore the J-Pop vibes; dive deep into the city’s vibrant and popular karaoke world, a serious hobby for this city's locals; and pick up physical musical memories, in the form of CDs and records. Tokyo
83%
Downtown “Music City,” the home of country and western, is full of bars and clubs where you’ll find live music on almost any night. Nashville
79%
Back in the day, Nirvana, Pearl Jam and Sound Garden totally ruled the airwaves and catapulted this city into the music capital stratosphere as the undisputed home of grunge. Seattle
76%
It's the ideal place for opera buffs, as well as electro and dance fans. Dating back to 1778, this city has premiered works by Verdi, Stockhausen, and Puccini, including Turandot and Madame Butterfly. Milan
74%
Home to pioneering DJ and father of house music, Frankie Knuckles, who brought the genre to the city in the early 80s. Chicago
72%
This city is the home of the blues and a key center for gospel and soul music. It was here in the early 1950s that rock’n’roll was born. Memphis
72%
This city is home to the bossa nova genre that blends samba and jazz and gave us “The Girl from Ipanema,” believed to be the second-most recorded song in popular music history. Rio de Janeiro
70%
A party person's haven. As renowned for its sunsets as it is for house music, if you’re a DJ, playing the island is considered a career highlight. Ibiza Town
59%
“The Live Music Capital of the World,” with more music venues per inhabitant than anywhere else in the United States. Austin
54%
Outdoor opera draws hundreds of people every summer. There are plenty of venues hosting major bands like the Allphones Arena where the Rolling Stones have played. Sydney
53%
This city reflects the generations of migrants and slaves brought here, each with their own musical culture. African rhythms and percussion have been moulded with Spanish guitars and mambo. Havana
47%
It was here Mozart’s Don Giovanni and La clemenza di Tito were premiered in the 18th century at the historic Estates Theatre. Prague
47%
A lively and busy port city's bustling streets are also home to a music festival, Felabration, which celebrates the legacy of multiinstrumentalist and afrobeats pioneer Fela Kuti. Lagos
39%
This city is still a major centre for classical music, hosting the University of Music and Theatre, which was founded by Felix Mendelssohn in the 19th century. Leipzig
16%
The city is home to international events centered on jazz, classical, and electronic music, like the Robot Festival. Bologna
11%
No matching quizzes found
Score Distribution
Percent of People with Each Score
Percentile by Number Answered
Your Score History
You have not taken this quiz